00569 a2200169 450000500170000001000150001702000300003203500140006203700130007608200150008910000160010424500880012026000610020827000850026930000260035470000190038020211220165455.0 aENG-130441 a978-93-89811-67-4c650.00 aEN-113973 bDBAD/PUB a346.540b1 aTulsian, PC aBusiness Laws:cPC Tulsian, Bharat TulsianbFor CA Foundation Course (New Syllabus) aTamill NadubMcGraw Hill Education Private Limitedc2021 a444/1, Sri Ekambara Naicker Industrial Estate, Alapakkam, PorurbChennaie600116 aAPP5.19p.c22cm (pbk) aBharat Tulsian